000 00752nam a22002657a 4500
001 0001620506
003 DO-SdBNP
005 20180219153102.0
007 0001620506
008 161212b 1988 cu a ||||| |||| 00| 0 spa d
020 _a847722269X
020 _a9788477222699
040 _aBPMSU
_bspa
_cBPMSU
082 _axxxx
_bxxxx
100 1 _aElena, Horacio
245 1 0 _aLa calle de Guille /
_cHoracio Elena, Isabel Martí.
260 _aBarcelona :
_bTimun Mas,
_c1988.
300 _a[12 ] p. :
_bil. ;
_c21 cm.
490 1 _aJuguemos con Guille
700 1 _aMartí, Isabel,
_eil.
830 0 _aJuguemos con Guille
942 _2ddc
_cBK
945 _aInventariado, 2018 / BT
956 _2LOPEREZ
_310
_620161212
_8BPMSU
_a00041
999 _c12388
_d12388